[Event "SUI-chT"]
[Site "Switzerland"]
[Date "2019.06.30"]
[Round "5.6"]
[White "Hochstrasser, Michael"]
[Black "Lopez, Manuel1111"]
[Result "1-0"]
[WhiteElo "2335"]
[BlackElo "1968"]
[PlyCount "93"]
[EventDate "2019.03.10"]
[EventType "team-tourn"]
[EventRounds "9"]
[EventCountry "SUI"]
[SourceTitle "EXT 2020"]
[Source "ChessBase"]
[SourceDate "2019.10.17"]
[SourceVersion "1"]
[SourceVersionDate "2019.10.17"]
[SourceQuality "1"]
[WhiteTeam "Wollishofen"]
[BlackTeam "Echallens"]
[WhiteTeamCountry "SUI"]
[BlackTeamCountry "SUI"]

1. d4 Nf6 2. c4 c5 3. d5 e5 4. Nc3 d6 5. e4 a6 6. Nf3 g6 7. Be2 Bg7 8. 0-0 0-0 9. Ne1 Nbd7 10. a3 Rb8 11. b4 b6 12. Nd3 Ne8 13. Bd2 f5 14. Rb1 Nef6 15. f3 f4 16. bxc5 bxc5 17. Na4 Rxb1 18. Qxb1 g5 19. Nf2 h5 20. h3 Rf7 21. Qb3 Bf8 22. Rb1 Rg7 23. Qd1 Kh8 24. Rb3 Ng8 25. Kf1 Be7 26. Qb1 g4 27. fxg4 Bh4 28. Be1 Ndf6 29. gxh5 Qe8 30. Rb8 Nxh5 31. Bxh5 Qxh5 32. Rxc8 Bxf2 33. Kxf2 f3 34. gxf3 Qxh3 35. Rb8 Qh2+ 36. Ke3 Rg2 37. Kd3 Qg1 38. Bc3 Qf2 39. Qd1 Kg7 40. Rb2 Qg3 41. Rxg2 Qxg2 42. Bd2 Nf6 43. Be3 Nh5 44. Qe2 Qh1 45. Nc3 Ng3 46. Qf2 Qh3 47. Ne2 1-0

[Event "SUI-chT"]
[Site "Switzerland"]
[Date "2018.04.29"]
[Round "3.7"]
[White "Hochstrasser, Michael"]
[Black "Vianin, Pascal"]
[Result "1-0"]
[WhiteElo "2298"]
[BlackElo "2196"]
[PlyCount "103"]
[EventDate "2018.03.25"]
[EventType "team-tourn"]
[EventRounds "9"]
[EventCountry "SUI"]
[SourceTitle "EXT 2019"]
[Source "ChessBase"]
[SourceDate "2018.10.10"]
[SourceVersion "1"]
[SourceVersionDate "2018.10.10"]
[SourceQuality "1"]
[WhiteTeam "Wollishofen"]
[BlackTeam "Echallens"]
[WhiteTeamCountry "SUI"]
[BlackTeamCountry "SUI"]

1. d4 Nf6 2. c4 Nc6 3. Nf3 e6 4. Nc3 Bb4 5. Qc2 0-0 6. a3 Bxc3+ 7. Qxc3 d6 8. b4 e5 9. d5 Ne7 10. g3 Bf5 11. Bg2 Qd7 12. 0-0 Bh3 13. Bg5 Bxg2 14. Kxg2 Ne4 15. Qc2 Nxg5 16. Nxg5 Qf5 17. Qxf5 Nxf5 18. e3 Ne7 19. f4 exf4 20. exf4 Nf5 21. Rfe1 Rfe8 22. Kf2 h6 23. Nf3 Kf8 24. g4 Ne7 25. Nd4 c6 26. dxc6 bxc6 27. Nb3 d5 28. c5 Ng6 29. Kf3 Rxe1 30. Rxe1 Ne7 31. Na5 Re8 32. h3 Rc8 33. Nb7 Rb8 34. Na5 Rc8 35. Re5 Ng6 36. Re2 Ne7 37. Nb7 Rb8 38. Na5 Rc8 39. Re1 Ng8 40. g5 Ne7 41. gxh6 gxh6 42. Kg4 Rc7 43. Nb3 Kg7 44. Nd4 Kf6 45. Re5 Rc8 46. Kf3 Rg8 47. Re1 h5 48. Re5 h4 49. Kf2 Rg3 50. Rxe7 Rxa3 51. Nxc6 Ra6 52. Rc7 1-0

[Event "SUI-chT"]
[Site "Switzerland"]
[Date "2018.04.15"]
[Round "2.7"]
[White "Cvitan, Ognjen"]
[Black "Hochstrasser, Michael"]
[Result "1/2-1/2"]
[WhiteElo "2442"]
[BlackElo "2298"]
[PlyCount "128"]
[EventDate "2018.03.25"]
[EventType "team-tourn"]
[EventRounds "9"]
[EventCountry "SUI"]
[SourceTitle "EXT 2019"]
[Source "ChessBase"]
[SourceDate "2018.10.10"]
[SourceVersion "1"]
[SourceVersionDate "2018.10.10"]
[SourceQuality "1"]
[WhiteTeam "Riehen"]
[BlackTeam "Wollishofen"]
[WhiteTeamCountry "SUI"]
[BlackTeamCountry "SUI"]

1. d4 d5 2. c4 c6 3. Nf3 Nf6 4. Nc3 dxc4 5. a4 Bf5 6. e3 e6 7. Bxc4 Bb4 8. 0-0 0-0 9. Qe2 Ne4 10. Bd3 Bxc3 11. bxc3 Nxc3 12. Qc2 Bxd3 13. Qxd3 Nd5 14. Ba3 Re8 15. Rab1 b6 16. Ne5 a5 17. Rfc1 Qc7 18. Qe4 Rc8 19. Qf3 Ra7 20. h3 h6 21. e4 Nb4 22. Bxb4 axb4 23. Rxb4 c5 24. Rbc4 Nc6 25. Nd3 Na5 26. R4c3 Nb7 27. Qh5 Rxa4 28. dxc5 b5 29. Qe2 Rca8 30. Qb2 Qc6 31. Qb1 Na5 32. Ne5 Qxe4 33. Qxb5 Rb4 34. Qd7 Qxe5 35. c6 Nxc6 36. Rxc6 Rbb8 37. Rc7 Rf8 38. h4 Ra1 39. g3 Rxc1+ 40. Rxc1 Ra8 41. Qc7 Qe4 42. Qc5 Ra2 43. Qc3 Qd5 44. Qc6 g6 45. Qxd5 exd5 46. Rc6 h5 47. Rd6 Ra5 48. Kg2 Kf8 49. Rd7 Ke8 50. Rb7 Ra6 51. Kf3 Rd6 52. Kf4 Rd7 53. Rb3 Ke7 54. Ke5 f6+ 55. Kd4 Ke6 56. Re3+ Kf5 57. Rf3+ Ke6 58. Re3+ Kf7 59. Rf3 Rd8 60. Kc5 Ke6 61. Re3+ Kf5 62. Rf3+ Ke5 63. Re3+ Kf5 64. Rf3+ Ke5 1/2-1/2

[Event "SUI-chT"]
[Site "Switzerland"]
[Date "2018.03.25"]
[Round "1.6"]
[White "Hochstrasser, Michael"]
[Black "Mutschnik, Illya"]
[Result "1/2-1/2"]
[WhiteElo "2314"]
[BlackElo "2425"]
[PlyCount "60"]
[EventDate "2018.03.25"]
[EventType "team-tourn"]
[EventRounds "9"]
[EventCountry "SUI"]
[SourceTitle "CBM 183 Extra"]
[Source "ChessBase"]
[SourceDate "2018.04.19"]
[SourceVersion "1"]
[SourceVersionDate "2018.04.19"]
[SourceQuality "1"]
[WhiteTeam "Wollishofen"]
[BlackTeam "Zuerich"]
[WhiteTeamCountry "SUI"]
[BlackTeamCountry "SUI"]

1. d4 Nf6 2. c4 g6 3. Nc3 Bg7 4. e4 0-0 5. Bg5 d6 6. f3 c5 7. d5 e6 8. Qd2 exd5 9. cxd5 Na6 10. Nge2 Rb8 11. Ng3 Qa5 12. Nb5 Nb4 13. Rc1 Qxa2 14. Bc4 Qa6 15. Bf4 Ne8 16. Nxd6 b5 17. Nxc8 Rxc8 18. Be2 Nd6 19. 0-0 Nc4 20. Bxc4 bxc4 21. Ra1 Qb6 22. Bh6 Bd4+ 23. Kh1 Rfd8 24. Ne2 Bh8 25. Rfc1 Nd3 26. Rxc4 Nxb2 27. Rc2 Nd3 28. Rf1 c4 29. Be3 Qb3 30. Nd4 Qa4 1/2-1/2

[Event "SUI-chT"]
[Site "Switzerland"]
[Date "2017.10.14"]
[Round "8.6"]
[White "Bex, Pierre Alain"]
[Black "Hochstrasser, Michael"]
[Result "1/2-1/2"]
[WhiteElo "2157"]
[BlackElo "2308"]
[PlyCount "61"]
[EventDate "2017.03.19"]
[EventType "team-swiss"]
[EventRounds "9"]
[EventCountry "SUI"]
[SourceTitle "EXT 2019"]
[Source "ChessBase"]
[SourceDate "2018.10.10"]
[SourceVersion "1"]
[SourceVersionDate "2018.10.10"]
[SourceQuality "1"]
[WhiteTeam "Neuchatel"]
[BlackTeam "Wollishofen"]
[WhiteTeamCountry "SUI"]
[BlackTeamCountry "SUI"]

1. e4 e5 2. Nf3 Nc6 3. Bc4 Bc5 4. d3 Nf6 5. Nbd2 0-0 6. c3 d6 7. 0-0 h6 8. Bb3 a6 9. Re1 Ba7 10. h3 Re8 11. Nf1 Be6 12. Ng3 d5 13. exd5 Bxd5 14. Ne4 Be6 15. Be3 Nxe4 16. dxe4 Qf6 17. Bxa7 Nxa7 18. Bxe6 Rxe6 19. Qd7 Re7 20. Qd3 Nc6 21. Rad1 Rd8 22. Qc2 Red7 23. Rxd7 Rxd7 24. Rd1 Rxd1+ 25. Qxd1 Qe6 26. Qd5 Qxd5 27. exd5 Ne7 28. Nxe5 Nxd5 29. Nd3 a5 30. Kf1 Kf8 31. c4 1/2-1/2

[Event "SUI-chT"]
[Site "Switzerland"]
[Date "2016.08.27"]
[Round "6.5"]
[White "Hochstrasser, Michael"]
[Black "Wyss, Jonas"]
[Result "0-1"]
[WhiteElo "2331"]
[BlackElo "2316"]
[PlyCount "94"]
[EventDate "2016.03.20"]
[EventType "team-tourn"]
[EventRounds "9"]
[EventCountry "SUI"]
[SourceTitle "EXT 2017"]
[Source "ChessBase"]
[SourceDate "2016.10.25"]
[SourceVersion "1"]
[SourceVersionDate "2016.10.25"]
[SourceQuality "1"]
[WhiteTeam "Wollishofen"]
[BlackTeam "Reti"]
[WhiteTeamCountry "SUI"]
[BlackTeamCountry "SUI"]

1. d4 Nf6 2. c4 g6 3. Nc3 d5 4. Nf3 Bg7 5. Bg5 Ne4 6. cxd5 Nxg5 7. Nxg5 e6 8. Qd2 h6 9. Nh3 exd5 10. Nf4 0-0 11. e3 c5 12. dxc5 d4 13. exd4 Qxd4 14. Qxd4 Bxd4 15. Bc4 Re8+ 16. Kf1 Bxc3 17. bxc3 Re4 18. Nxg6 Rxc4 19. Ne7+ Kf8 20. Nxc8 Rxc5 21. Nd6 Rxc3 22. Ke2 Rc2+ 23. Ke3 Nc6 24. Rhc1 Nb4 25. a3 Rd8 26. Nf5 Rdc8 27. axb4 Rxc1 28. Rxa7 Re8+ 29. Kd4 Rd1+ 30. Kc4 Rc8+ 31. Kb3 Rb1+ 32. Ka2 Rxb4 33. Nxh6 Rc2+ 34. Ka3 Rbb2 35. Ra8+ Kg7 36. Nf5+ Kf6 37. Ne3 Ra2+ 38. Kb3 Rxa8 39. Nxc2 Ke5 40. Ne3 Ke4 41. h3 Kd3 42. Ng4 f5 43. Ne3 Rf8 44. g4 f4 45. Nf5 Ke2 46. h4 Kxf2 47. h5 Kf3 0-1

[Event "SUI-chT"]
[Site "Switzerland"]
[Date "2015.09.06"]
[Round "7.4"]
[White "Klauser, Markus"]
[Black "Hochstrasser, Michael"]
[Result "1-0"]
[WhiteElo "2395"]
[BlackElo "2335"]
[PlyCount "95"]
[EventDate "2015.03.29"]
[EventType "team-tourn"]
[EventRounds "9"]
[EventCountry "SUI"]
[SourceTitle "EXT 2016"]
[Source "ChessBase"]
[SourceDate "2015.10.08"]
[SourceVersion "1"]
[SourceVersionDate "2015.10.08"]
[SourceQuality "1"]
[WhiteTeam "Bern Schwarz Weiss"]
[BlackTeam "Wollishofen"]
[WhiteTeamCountry "SUI"]
[BlackTeamCountry "SUI"]

1. e4 e6 2. d4 d5 3. Nc3 Bb4 4. e5 c5 5. a3 Bxc3+ 6. bxc3 Ne7 7. Qg4 0-0 8. Bd3 f5 9. exf6 Rxf6 10. Bg5 Rf7 11. Qh5 g6 12. Qd1 Nbc6 13. Nf3 c4 14. Be2 Qf8 15. Qc1 Nf5 16. 0-0 h6 17. Bd2 g5 18. Ne5 Nxe5 19. dxe5 Qg7 20. Bh5 Rf8 21. f4 Bd7 22. fxg5 hxg5 23. Bxg5 Qxe5 24. Qe1 Qxe1 25. Raxe1 Nd6 26. Rxf8+ Kxf8 27. Rf1+ Kg8 28. Bf4 Ne4 29. Bh6 Kh7 30. Be3 Rg8 31. Bd4 e5 32. Bxe5 Rg5 33. Rf7+ Kh6 34. Bf4 Kxh5 35. Rxd7 Rf5 36. g3 Nxc3 37. Kf2 Ne4+ 38. Ke3 Nc5 39. Rd6 Kg4 40. Rg6+ Kh3 41. Kf3 Rh5 42. g4 Rh7 43. g5 Ne4 44. Rg8 Rh5 45. g6 Nf6 46. Rf8 Rf5 47. Rh8+ Nh5 48. Rxh5+ 1-0

[Event "SUI-chT"]
[Site "Switzerland"]
[Date "2013.10.12"]
[Round "8.3"]
[White "Marciano, David"]
[Black "Hochstrasser, Michael"]
[Result "1-0"]
[WhiteElo "2505"]
[BlackElo "2360"]
[PlyCount "73"]
[EventDate "2013.03.17"]
[EventType "team-tourn"]
[EventRounds "9"]
[EventCountry "SUI"]
[SourceTitle "EXT 2014"]
[Source "ChessBase"]
[SourceDate "2013.11.20"]
[SourceVersion "1"]
[SourceVersionDate "2013.11.20"]
[SourceQuality "1"]
[WhiteTeam "Reti"]
[BlackTeam "Wollishofen"]
[WhiteTeamCountry "SUI"]
[BlackTeamCountry "SUI"]

1. e4 e5 2. Nf3 Nc6 3. Nc3 Nf6 4. d4 exd4 5. Nxd4 Bb4 6. Nxc6 bxc6 7. Bd3 d5 8. exd5 cxd5 9. 0-0 0-0 10. h3 c6 11. Qf3 Re8 12. Bf4 Bd6 13. Rfe1 Rb8 14. b3 Rxe1+ 15. Rxe1 Be6 16. Ne2 c5 17. Bxd6 Qxd6 18. Nf4 Re8 19. c4 dxc4 20. Bxc4 Bxc4 21. Rxe8+ Nxe8 22. bxc4 g6 23. Nd5 Qe5 24. Qa3 Qe1+ 25. Kh2 Qxf2 26. Qxa7 Qe1 27. Qxc5 Qe5+ 28. Kh1 Qe1+ 29. Qg1 Qe5 30. Qe3 Qa1+ 31. Kh2 Nd6 32. c5 Nf5 33. Qc3 Qxa2 34. Nf6+ Kg7 35. c6 Qe6 36. c7 Qd6+ 37. Kg1 1-0

[Event "SUI-chT"]
[Site "Switzerland"]
[Date "2012.10.21"]
[Round "9.3"]
[White "Hochstrasser, Michael"]
[Black "Schiendorfer, Emanuel"]
[Result "1/2-1/2"]
[WhiteElo "2365"]
[BlackElo "2351"]
[PlyCount "44"]
[EventDate "2012.03.18"]
[EventType "team-tourn"]
[EventRounds "9"]
[EventCountry "SUI"]
[SourceTitle "EXT 2013"]
[Source "ChessBase"]
[SourceDate "2012.11.22"]
[SourceVersion "1"]
[SourceVersionDate "2012.11.22"]
[SourceQuality "1"]
[WhiteTeam "Wollishofen"]
[BlackTeam "Winterthur"]
[WhiteTeamCountry "SUI"]
[BlackTeamCountry "SUI"]

1. d4 d5 2. c4 c6 3. Nf3 Nf6 4. Nc3 e6 5. cxd5 exd5 6. Qc2 Na6 7. Bg5 Be7 8. e3 Nc7 9. Bd3 g6 10. h4 Ne6 11. Ne5 c5 12. Bb5+ Kf8 13. Bh6+ Kg8 14. Rd1 c4 15. e4 Nc7 16. exd5 Nxb5 17. Nxb5 Bf5 18. Qxc4 Rc8 19. Qe2 Rc2 20. Rd2 Rc1+ 21. Rd1 Rc2 22. Rd2 Rc1+ 1/2-1/2

[Event "SUI-chT"]
[Site "Switzerland"]
[Date "2012.06.24"]
[Round "5.5"]
[White "Hochstrasser, Michael"]
[Black "Kaenel, Hansjuerg"]
[Result "1-0"]
[WhiteElo "2364"]
[BlackElo "2358"]
[PlyCount "111"]
[EventDate "2012.03.18"]
[EventType "team-tourn"]
[EventRounds "9"]
[EventCountry "SUI"]
[SourceTitle "EXT 2013"]
[Source "ChessBase"]
[SourceDate "2012.11.22"]
[SourceVersion "1"]
[SourceVersionDate "2012.11.22"]
[SourceQuality "1"]
[WhiteTeam "Wollishofen"]
[BlackTeam "Riehen"]
[WhiteTeamCountry "SUI"]
[BlackTeamCountry "SUI"]

1. Nf3 d5 2. d4 c6 3. c4 e6 4. Nc3 Nf6 5. cxd5 exd5 6. Qc2 Be7 7. Bg5 0-0 8. e3 Nbd7 9. Bd3 Re8 10. 0-0-0 Nf8 11. Rdg1 b5 12. g4 a5 13. Bxf6 Bxf6 14. g5 Be7 15. Ne5 Bb7 16. Bxh7+ Nxh7 17. g6 fxg6 18. Qxg6 Ng5 19. h4 Qd6 20. Rxg5 Qxg6 21. Rxg6 Bf6 22. Nd7 Kf7 23. Rhg1 Rg8 24. Nxf6 gxf6 25. Rxg8 Rxg8 26. Rxg8 Kxg8 27. Ne2 Bc8 28. Kd2 Kf7 29. Nf4 Bg4 30. a3 Bf3 31. Ke1 Ke7 32. Kf1 Kd6 33. b4 axb4 34. axb4 Ke7 35. Kg1 Kf7 36. Kh2 Be4 37. Kg3 Bf5 38. Ne2 Bd3 39. Kf3 Bc2 40. Kf4 Kg6 41. Ng3 Bd3 42. f3 Bc2 43. e4 dxe4 44. fxe4 Bb3 45. Nf5 Kf7 46. Ne3 Be6 47. h5 Bd7 48. Ng4 Be6 49. e5 fxe5+ 50. Nxe5+ Kg7 51. Nxc6 Kh6 52. Ke5 Bd7 53. Nb8 Be8 54. d5 Kxh5 55. d6 Kg4 56. d7 1-0

[Event "SUI-chT"]
[Site "Switzerland"]
[Date "2011.10.23"]
[Round "9.5"]
[White "Hochstrasser, Michael"]
[Black "Zueger, Beat"]
[Result "0-1"]
[WhiteElo "2357"]
[BlackElo "2417"]
[PlyCount "64"]
[EventDate "2011.02.27"]
[EventType "team-tourn"]
[EventRounds "9"]
[EventCountry "SUI"]
[SourceTitle "EXT 2012"]
[Source "ChessBase"]
[SourceDate "2011.11.24"]
[SourceVersion "1"]
[SourceVersionDate "2011.11.24"]
[SourceQuality "1"]
[WhiteTeam "Wollishofen"]
[BlackTeam "Luzern"]
[WhiteTeamCountry "SUI"]
[BlackTeamCountry "SUI"]

1. d4 Nf6 2. c4 c5 3. d5 b5 4. cxb5 a6 5. Nc3 axb5 6. e4 b4 7. Nb5 d6 8. Bf4 g5 9. Bxg5 Nxe4 10. Bf4 Bg7 11. Qe2 f5 12. Qh5+ Kf8 13. Nh3 Nf6 14. Qh4 Nbd7 15. Be2 Nb6 16. 0-0 h6 17. a3 bxa3 18. Rxa3 Rxa3 19. bxa3 Nbxd5 20. Rd1 Be6 21. Bc4 Qd7 22. a4 Bf7 23. a5 Nb4 24. Be5 Nc6 25. Bc3 d5 26. Nf4 d4 27. Bxf7 Kxf7 28. Qg3 Ne5 29. Re1 dxc3 30. Nxc3 Ne4 31. Nxe4 fxe4 32. h3 Qf5 0-1

[Event "SUI-chT"]
[Site "Switzerland"]
[Date "2011.08.27"]
[Round "6.3"]
[White "Hochstrasser, Michael"]
[Black "Stojanovic, Mihajlo"]
[Result "1/2-1/2"]
[WhiteElo "2368"]
[BlackElo "2572"]
[PlyCount "65"]
[EventDate "2011.02.27"]
[EventType "team-tourn"]
[EventRounds "9"]
[EventCountry "SUI"]
[SourceTitle "EXT 2012"]
[Source "ChessBase"]
[SourceDate "2011.11.24"]
[SourceVersion "1"]
[SourceVersionDate "2011.11.24"]
[SourceQuality "1"]
[WhiteTeam "Wollishofen"]
[BlackTeam "Reti"]
[WhiteTeamCountry "SUI"]
[BlackTeamCountry "SUI"]

1. d4 Nf6 2. c4 c5 3. d5 b5 4. cxb5 a6 5. f3 e6 6. e4 c4 7. Bxc4 Bc5 8. Nc3 0-0 9. Nge2 axb5 10. Bxb5 Nh5 11. Kf1 d6 12. Nf4 Nf6 13. dxe6 fxe6 14. e5 dxe5 15. Qxd8 Rxd8 16. Nd3 Bd4 17. Ke2 Ra5 18. a4 Bd7 19. Bxd7 Nbxd7 20. Nb5 Rda8 21. Nxd4 exd4 22. b3 Nc5 23. Nxc5 Rxc5 24. Bd2 d3+ 25. Kxd3 Rd8+ 26. Ke2 Re5+ 27. Kd1 Nd5 28. Kc1 Re2 29. Rd1 Rc8+ 30. Kb1 Rd8 31. Kc1 Rc8+ 32. Kb1 Rd8 33. Kc1 1/2-1/2

[Event "SUI-chT"]
[Site "Switzerland"]
[Date "2010.08.28"]
[Round "6.3"]
[White "Hochstrasser, Michael"]
[Black "Lehmann, Marco"]
[Result "0-1"]
[WhiteElo "2389"]
[BlackElo "2296"]
[PlyCount "100"]
[EventDate "2010.02.14"]
[EventType "team-tourn"]
[EventRounds "9"]
[EventCountry "SUI"]
[SourceTitle "EXT 2011"]
[Source "ChessBase"]
[SourceDate "2010.11.26"]
[SourceVersion "1"]
[SourceVersionDate "2010.11.26"]
[SourceQuality "1"]
[WhiteTeam "Wollishofen"]
[BlackTeam "Bern"]
[WhiteTeamCountry "SUI"]
[BlackTeamCountry "SUI"]

1. d4 Nf6 2. c4 g6 3. Nc3 Bg7 4. e4 d6 5. f3 0-0 6. Bg5 c5 7. d5 e6 8. Qd2 exd5 9. cxd5 a6 10. a4 h6 11. Be3 h5 12. Nge2 Re8 13. Nf4 Nbd7 14. Nd3 Rb8 15. Be2 c4 16. Nb4 Qc7 17. 0-0 Nc5 18. Ra2 Nb3 19. Qe1 Nd7 20. Qf2 f5 21. Nc2 Ne5 22. Ba7 Ra8 23. Bb6 Qe7 24. Nd4 Nc5 25. exf5 gxf5 26. f4 Ng4 27. Bxg4 hxg4 28. Bxc5 dxc5 29. Nc2 Qd6 30. Raa1 Bd7 31. a5 Bf6 32. Rad1 Rab8 33. Kh1 b5 34. axb6 Rxb6 35. Na3 Rb4 36. Rfe1 Reb8 37. Qf1 Bd4 38. Nxc4 Qh6 39. Rd2 Bb5 40. Nxb5 axb5 41. Re6 Bf6 42. Nd6 g3 43. h3 Qxf4 44. Qe1 Rf8 45. Rd3 Bh4 46. Rf3 Qxf3 47. Rg6+ Kh7 48. Rg7+ Kxg7 49. Qe5+ Bf6 50. Nxf5+ Kh8 0-1

[Event "Zuerich Jubilee op"]
[Site "Zuerich"]
[Date "2009.08.10"]
[Round "2"]
[White "Hochstrasser, Michael"]
[Black "Sutovsky, Emil"]
[Result "0-1"]
[WhiteElo "2386"]
[BlackElo "2675"]
[PlyCount "56"]
[EventDate "2009.08.09"]
[EventType "swiss"]
[EventRounds "9"]
[EventCountry "SUI"]
[SourceTitle "CBM 131 Extra"]
[Source "ChessBase"]
[SourceDate "2009.09.03"]
[SourceVersion "2"]
[SourceVersionDate "2009.09.16"]
[SourceQuality "1"]

1. d4 Nf6 2. c4 g6 3. Nc3 d5 4. Nf3 Bg7 5. cxd5 Nxd5 6. Bg5 c5 7. Rc1 Nxc3 8. bxc3 0-0 9. Qd2 Bg4 10. e3 Bxf3 11. gxf3 Nc6 12. Bg2 Qd5 13. Bh4 e5 14. dxe5 Qc4 15. f4 Nxe5 16. fxe5 Qxh4 17. 0-0 Rad8 18. Qe2 Bxe5 19. f4 Bc7 20. Bxb7 Rfe8 21. Rc2 Re7 22. Qf3 c4 23. Kh1 Bb6 24. Bd5 Rxe3 25. Qg2 Re1 26. Rc1 Rxc1 27. Rxc1 Be3 28. Rb1 Bxf4 0-1